| 000 | 00776nmm a2200265Ia 4500 | ||
|---|---|---|---|
| 008 | 251105s9999||||xx |||||||||||||||||und|| | ||
| 020 | _a9788498954074 | ||
| 041 | _aspa | ||
| 100 | _aMargarit, Joan | ||
| 245 | 0 |
_aDetrás de las palabras : _b 50 poemas comentados |
|
| 264 |
_a[Madrid, España] : _bVisor Libros, _c2020 |
||
| 300 | _a332 páginas | ||
| 490 | _aVisor de Poesía | ||
| 650 | _aSpanish poetry | ||
| 700 | _aMargarit, Joan | ||
| 700 | 1 | _a Margarit, Joan | |
| 700 | 1 | _a Lafarque, Antonio | |
| 700 | 1 | _a Lafarque, Antonio | |
| 700 | 1 | _a Lafarque, Antonio | |
| 700 | 1 | _a Andújar Almans, José | |
| 700 | 1 | _a Andújar Almans, José | |
| 700 | 1 | _a Andújar Almans, José | |
| 856 | _uhttps://public.digitaliapublishing.com/a/102100 | ||
| 942 | _cCF | ||
| 999 |
_c68310 _d68310 |
||